=LDR 00000nam 2200000 4500 =001 INLIS000000000013955 =005 20130612105251 =008 ***********************************Ind** =035 ##$$0010-061300000013955 =041 ##$$a Ind =082 ##$$a 651.75 =090 ##$$a 651.75, Fin a =100 ##$$a Finoza, Lamuddin =245 ##$$a Aneka surat statuta,laporan dan proposal, Lamuddin Finoza =260 ##$$a 2003 $b Jakarta =300 ##$$a 278 hlm, 22 cm =650 ##$$a Korespondensi =850 ##$$a NBPNMAT